000 00517nam a2200193Ia 4500
003 0100
008 130303s9999 xx 000 0 und d
020 _a80280587
040 _cARRUPELIB
050 _aRC467.C5861983
245 4 _aThe Clinical psychology handbook
260 _aNew York
260 _bPergamon Press
260 _C1983
300 _ax
300 _b 850p. 26cm.
700 _aedited by Michael Hersen, Alan E. Kazdin, Alan S. Bellack , Hersen, MichelKazdin, AlanBellack, Alan
942 0 0 _02
999 _c16281
_d16281